Universal principles of architecture : (Record no. 30706)

MARC details
000 -LEADER
fixed length control field 01357cam a22003375i 4500
001 - CONTROL NUMBER
control field 23184814
003 - CONTROL NUMBER IDENTIFIER
control field EG-ScBUE
005 - DATE AND TIME OF LATEST TRANSACTION
control field 20240306142736.0
008 - FIXED-LENGTH DATA ELEMENTS--GENERAL INFORMATION
fixed length control field 230613s2023 mauo f d 001 0 eng d
020 ## - INTERNATIONAL STANDARD BOOK NUMBER
International Standard Book Number 9780760380611
040 ## - CATALOGING SOURCE
Original cataloging agency DLC
Language of cataloging eng
Description conventions rda
Transcribing agency DLC
Modifying agency EG-ScBUE
082 04 - DEWEY DECIMAL CLASSIFICATION NUMBER
Edition number 22
Classification number 724.91
Item number FRA
100 1# - MAIN ENTRY--PERSONAL NAME
Personal name Frankowski, Nathalie,
Relator term author.
245 10 - TITLE STATEMENT
Title Universal principles of architecture :
Remainder of title 100 architectural archetypes, methods, conditions, relationships, and imaginaries /
Statement of responsibility, etc Nathalie Frankowski, Cruz Garcia.
264 #1 - PUBLICATION, DISTRIBUTION, ETC. (IMPRINT)
Place of publication, distribution, etc Beverly, MA :
Name of publisher, distributor, etc Rockport Publishers,
Date of publication, distribution, etc 2023.
300 ## - PHYSICAL DESCRIPTION
Extent 224 pages :
Other physical details photographs ;
Dimensions 28 cm
336 ## - CONTENT TYPE
Content type term text
Content type code txt
Source rdacontent
337 ## - MEDIA TYPE
Media type term unmediated
Media type code n
Source rdamedia
338 ## - CARRIER TYPE
Carrier type term volume
Carrier type code nc
Source rdacarrier
500 ## - GENERAL NOTE
General note Includes index.<br/>
500 ## - GENERAL NOTE
General note Includes glossary.<br/>
520 ## - SUMMARY, ETC.
Summary, etc "Universal Principles of Architecture is a concise, visual introduction to 100 of the most fundamental elements of architecture"--
Assigning source Provided by publisher.
650 #7 - SUBJECT ADDED ENTRY--TOPICAL TERM
Topical term or geographic name as entry element Architecture, Modern
Chronological subdivision 20th century.
Source of heading or term BUEsh
653 ## - INDEX TERM--UNCONTROLLED
Arrived date list March2024
Resource For college Engineering, Architecture
655 ## - INDEX TERM--GENRE/FORM
Form subdivision Reading book
700 1# - ADDED ENTRY--PERSONAL NAME
Personal name Garcia, Cruz,
Relator term author.
906 ## - LOCAL DATA ELEMENT F, LDF (RLIN)
a 0
b ibc
c orignew
d 2
e epcn
f 20
g y-gencatlg
942 ## - ADDED ENTRY ELEMENTS (KOHA)
Source of classification or shelving scheme Dewey Decimal Classification
Koha item type Book - Borrowing
Holdings
Withdrawn status Lost status Source of classification or shelving scheme Damaged status Not for loan Collection code Home library Current library Shelving location Date acquired Source of acquisition Cost, normal purchase price Serial Enumeration / chronology Total Checkouts Full call number Barcode Date last seen Cost, replacement price Price effective from Koha item type
    Dewey Decimal Classification     Alahram Central Library Central Library Second Floor 06/03/2024 Purchase 1579.00 176   724.91 FRA 000057053 15/07/2025 1974.00 06/03/2024 Book - Borrowing